000 00758nam a22002057a 4500
003 OSt
005 20251118124247.0
008 251118b |||||||| |||| 00| 0 eng d
020 _a971-8614-35-4.
040 _aDWCL-Admin lib
_cOC
082 _aFil. 624.1821 G478f 2006
100 _aGillesania, Diego Inocencio T.
245 _a Title Fundamentals of structural steel design with theory of structures
_cDiego Inocencio T. Gillesania
260 _aCebu :
_bGillesania Engineering Review and Training Center,
_cc2006.
300 _a VI, 442 p. : ill. ;
_c20 cm.
504 _aIncludes index.
650 _a1. Steel construction-Examinations, questions, etc.
650 _a2. Structural steel-Problems, exercises, etc.
942 _2ddc
_cBK - FIL
_kFil.
_n0
999 _c5786
_d5786